000
00325nam a2200145Ia 4500
008
230917s9999||||xx |||||||||||||| ||und||
040
_e
47789
_a
MAIN
041
_a
English
082
_a
853.8 A25W
100
_a
Aleramo, Sibella
245
2
_a
A woman
260
_a
London
_b
Virago
_c
1979
300
_a
183 p.
942
_c
BK
999
_c
209031
_d
209031